Ciudades por imagen - Estadísticas

Estadísticas generales
  • Esta prueba ha sido intentada 54 veces
  • La puntuación promedio es 8 de 12
Estadísticas de respuestas
Imagen Respuesta % Correcto
Venecia
96%
Londres
93%
Moscú
93%
San Francisco
93%
Sidney
93%
París
87%
Nueva York
85%
Tokio
85%
Toronto
61%
Barcelona
50%
Nairobi
2%
Rabat
0%
No se encontraron pruebas coincidentes
Distribución de puntuación
Porcentaje de gente con cada puntuación
Porcentaje por número respondido
Historial de tus puntuaciones
No has intentado esta prueba.